000
00333nam a2200145Ia 4500
100
_a
Ramshaw/ R.S.
650
_a
Electrical Engineering
942
_c
BK
654
_a
electronics
245
_a
Power Electronics
260
_b
English language book society
_a
London
_c
1979
082
_a
621.38
300
_a
223
546
_a
ENGLISH
999
_c
25006
_d
25006